|
|
|
|
| LEADER |
00861nab a2200241 i 4500 |
| 001 |
publ18047 |
| 005 |
20200127120007.0 |
| 008 |
200127s2014 hu o 0|| zxx d |
| 022 |
|
|
|a 0340-9937
|
| 024 |
7 |
|
|a 10.1007/s00059-013-3869-0
|2 doi
|
| 024 |
7 |
|
|a 2526995
|2 mtmt
|
| 040 |
|
|
|a SZTE Publicatio Repozitórium
|b hun
|
| 041 |
|
|
|a zxx
|
| 100 |
1 |
|
|a Katona András
|
| 245 |
1 |
2 |
|a A single coronary artery with a right ventricular fistula
|h [elektronikus dokumentum] :
|b Unique therapy with coveredstent implantation /
|c Katona András
|
| 260 |
|
|
|c 2014
|
| 300 |
|
|
|a 725-726
|
| 490 |
0 |
|
|a HERZ
|v 39 No. 6
|
| 700 |
0 |
1 |
|a Ungi Imre
|e aut
|
| 700 |
0 |
1 |
|a Forster Tamás
|e aut
|
| 700 |
0 |
2 |
|a Jancsó Gáborné Katona Márta
|e aut
|
| 700 |
0 |
2 |
|a Nemes Attila
|e aut
|
| 856 |
4 |
0 |
|u http://publicatio.bibl.u-szeged.hu/18047/1/2014_ASingleCoronaryArteryWithARigh_Herz.pdf
|z Dokumentum-elérés
|